| 000 | 00774nam a2200181 a 4500 | ||
|---|---|---|---|
| 003 | BD-RjUL | ||
| 005 | 20260107151400.0 | ||
| 008 | 260107b |||||||| |||| 00| 0 eng d | ||
| 040 |
_aBD-RjUL _bben _cBD-RjUL |
||
| 082 |
_223 _a891.4409 |
||
| 100 | _aউমর, বদরুদ্দীন | ||
| 245 |
_aঈশ্বচন্দ্র বিদ্যাসাগর ও ঊনিশ শতকের বাঙালী সমাজ / _bবদরুদ্দীন উমর |
||
| 260 |
_aঢাকা _bসুবর্ন প্রকাশ _c২০১৬ |
||
| 300 |
_b১২৮প্ৃ _g২১সেমি |
||
| 500 | _aতথ্যনির্দেশিকা সংযুক্ত | ||
| 650 |
_aBengali literature _vHistory and criticism |
||
| 942 |
_2ddc _cBK _e২৩ _n0 |
||
| 999 |
_c86072 _d86072 |
||